George Bush Intercontinental Airport Destinations (Houston, TX, USA) - Statistics

General Stats
  • This quiz has been taken 289 times
    84 since last reset
  • The average score is 133 of 190
Answer Stats
Airline Destination % Correct
Frontier Airlines Chicago (Midway)
100%
American Airlines/American Eagle/Frontier Airlines/Spirit Airlines/United Airlines Chicago (O'Hare)
100%
Delta Air Lines/Frontier Airlines/Spirit Airlines/United Airlines/United Express Detroit
100%
American Airlines/American Eagle/Frontier Airlines/Spirit Airlines/United Airlines Miami
100%
American Airlines/American Eagle/Frontier Airlines/United Airlines Phoenix (Sky Harbor)
100%
Air Canada/United Airlines Toronto (Pearson)
100%
Delta Air Lines/Frontier Airlines/Spirit Airlines/United Airlines/United Express Atlanta
98%
American Airlines/American Eagle/United Airlines/United Express Dallas/Fort Worth
98%
British Airways/United Airlines London (Heathrow)
98%
American Eagle/Delta Air Lines/Frontier Airlines/Spirit Airlines/United Airlines Los Angeles
98%
Aeroméxico/Aeroméxico Connect/United Airlines/Viva/Volaris Mexico City
98%
Air Canada Montréal (Trudeau)
98%
Delta Air Lines/JetBlue New York (JFK)
98%
Delta Air Lines/Spirit Airlines/United Airlines New York (LaGuardia)
98%
Air France Paris (Charles de Gaulle)
98%
Alaska Airlines/United Airlines Seattle/Tacoma
98%
Air Canada/United Airlines Vancouver
98%
United Airlines/United Express Austin
95%
JetBlue/United Airlines Boston
95%
Frontier Airlines/United Airlines Denver
95%
United Express El Paso
95%
United Express Jackson (MS)
95%
Frontier Airlines/Spirit Airlines/United Airlines Las Vegas
95%
Delta Air Lines/United Airlines/United Express Minneapolis/St. Paul
95%
Frontier Airlines/Spirit Airlines/United Airlines New Orleans
95%
Frontier Airlines/Spirit Airlines/United Airlines Orlando
95%
American Airlines/American Eagle/Frontier Airlines/Spirit Airlines/United Airlines Philadelphia
95%
United Airlines San Francisco
95%
Frontier Airlines/Spirit Airlines/United Airlines Tampa
95%
All Nippon Airways Tokyo (Haneda)
95%
United Airlines/Zipair Tokyo Tokyo (Narita)
95%
United Airlines Washington (Dulles)
95%
American Eagle/United Airlines Washington (National)
95%
United Airlines/United Express Albuquerque
93%
KLM/United Airlines Amsterdam
93%
Air New Zealand Auckland
93%
United Airlines/WestJet Calgary
93%
Lufthansa/United Airlines Frankfurt
93%
Spirit Airlines/United Airlines/United Express Nashville
93%
Spirit Airlines/United Airlines Newark
93%
United Express Portland (ME)
93%
Alaska Airlines/United Airlines Portland (OR)
93%
United Airlines San Diego
93%
Frontier Airlines/Spirit Airlines/United Airlines Cancún
90%
American Airlines/Frontier Airlines/United Airlines/United Express Charlotte
90%
United Airlines/United Express Indianapolis
90%
United Airlines/United Express Memphis
90%
United Airlines/United Express Oklahoma City
90%
United Airlines Rio de Janeiro (Galeão)
90%
ITA Airways Rome (Fiumicino)
90%
Delta Air Lines/United Airlines/United Express Salt Lake City
90%
United Airlines San Jose (CA)
90%
United Airlines San José (CR)
90%
United Airlines San José del Cabo
90%
United Airlines Santiago de Chile
90%
United Airlines Buenos Aires (Ezeiza)
88%
Frontier Airlines/United Airlines/United Express Cincinnati
88%
Emirates Dubai (International)
88%
Turkish Airlines Istanbul
88%
United Express Panama City (FL)
88%
United Airlines Panama City (Tocumen)
88%
United Airlines São Paulo (Guarulhos)
88%
United Airlines/United Express Tucson
88%
Frontier Airlines/Spirit Airlines/United Airlines/United Express Baltimore
86%
United Airlines Bogotá
86%
United Airlines/United Express Columbus (Glenn)
86%
United Airlines/United Express/Viva/Volaris Guadalajara
86%
United Airlines/United Express Kansas City
86%
United Airlines Lima
86%
United Express Milwaukee
86%
United Airlines/United Express Pittsburgh
86%
United Airlines/United Express St. Louis
86%
United Airlines/United Express Cleveland
83%
United Express Colorado Springs
83%
Qatar Airways Doha
83%
United Airlines Edmonton
83%
United Airlines Honolulu
83%
United Airlines/United Express Jacksonville (FL)
83%
United Airlines Sacramento
83%
United Airlines/United Express San Antonio
83%
Avianca El Salvador/Frontier Airlines/United Airlines/Volaris El Salvador San Salvador
83%
United Airlines/United Express Tulsa
83%
United Airlines Anchorage
81%
United Express Birmingham (AL)
81%
United Express Louisville
81%
United Airlines/United Express/Viva/Volaris Monterrey
81%
United Airlines/United Express Omaha
81%
Frontier Airlines/United Airlines/United Express Raleigh/Durham
81%
Frontier Airlines/Spirit Airlines/United Airlines Guatemala City
79%
United Express Key West
79%
United Airlines Quito
79%
United Airlines Sydney
79%
United Airlines/United Express Charleston (SC)
76%
United Express Little Rock
76%
United Airlines Nassau
76%
United Airlines Reno/Tahoe
76%
Spirit Airlines/United Airlines San Juan
76%
United Express Savannah
76%
Frontier Airlines/Spirit Airlines/United Airlines Fort Lauderdale
74%
United Airlines Fort Myers
74%
United Airlines Munich
74%
United Express Amarillo
71%
United Express Baton Rouge
71%
United Airlines/United Express Des Moines
71%
United Express Knoxville
71%
Frontier Airlines/United Airlines Ontario
69%
EVA Air Taipei (Taoyuan)
69%
United Airlines West Palm Beach
69%
United Airlines Belize City
67%
United Express Lubbock
67%
United Express Richmond
67%
United Airlines Aruba
64%
United Express Brownsville/South Padre Island
64%
United Express Corpus Christi
64%
United Airlines Medellín (JMC)
64%
United Airlines/United Express Midland/Odessa
64%
United Express Mobile (Regional)
64%
United Express Norfolk
64%
United Airlines Puerto Vallarta
64%
United Airlines Punta Cana
64%
United Airlines/United Express Wichita
64%
United Express Chattanooga
62%
United Express Grand Rapids
62%
United Express Laredo
62%
United Express Palm Springs
62%
United Airlines/United Express Pensacola
62%
United Express Santa Fe
62%
Spirit Airlines/United Airlines Tegucigalpa/Comayagua
62%
United Express Aspen
60%
United Airlines Eagle/Vail
60%
United Airlines Mérida
60%
United Airlines Montego Bay
60%
United Express Shreveport
60%
United Airlines Managua
57%
United Express Montgomery
57%
United Express Sarasota
57%
United Airlines Bozeman
55%
United Airlines Cozumel
55%
United Express Huntsville
55%
United Express Springfield/Branson
55%
United Express Fayetteville/Bentonville
52%
United Express Gulfport/Biloxi
52%
United Airlines Liberia (CR)
52%
United Airlines/United Express McAllen
52%
United Express Abilene
50%
United Express Acapulco
50%
United Express Lafayette
50%
United Airlines Grand Cayman
48%
United Express Hayden/Steamboat Springs
48%
United Airlines Jackson Hole
48%
United Airlines/United Express/Viva León/Del Bajío
48%
United Airlines Orange County
48%
United Airlines Port of Spain
48%
United Airlines/United Express Greenville/Spartanburg
45%
United Express Oaxaca
45%
United Airlines Providenciales
45%
United Express Puebla
45%
Frontier Airlines/Spirit Airlines/United Airlines San Pedro Sula
45%
United Airlines St. Thomas
45%
United Airlines Georgetown (Cheddi Jagan)
43%
United Airlines/United Express Montrose
43%
United Airlines Roatán
43%
United Airlines Veracruz
43%
United Express Harlingen
40%
United Express Ixtapa/Zihuatanejo
40%
United Airlines/United Express/Volaris San Luis Potosí
40%
United Airlines Tulum
40%
United Express Mazatlán
38%
United Airlines/United Express/Viva Querétaro
38%
United Express Aguascalientes
36%
United Airlines Glacier Park/Kalispell
36%
United Express Rapid City
36%
United Express Victoria (TX)
36%
United Airlines Bonaire
33%
United Express Durango (CO)
33%
United Express Lake Charles
33%
United Express/Volaris Morelia
33%
United Express Traverse City
33%
United Express Alexandria (LA)
31%
United Express Hattiesburg/Laurel (MS)
29%
United Express Gunnison/Crested Butte
24%
United Express Meridian (MS)
24%
United Airlines/United Express Tampico
24%
United Express Manzanillo
19%
United Express Hobbs
17%
United Express Puerto Escondido
17%
United Express Salina
17%
United Express Natchez
12%
United Express Paducah
12%
United Express Tepic
10%
No matching quizzes found
Score Distribution
Percent of People with Each Score
Percentile by Number Answered
Your Score History
You have not taken this quiz since the last reset